000 00221 a2200085 4500
041 _aspa
100 _aAnonimo
245 _aManual De Planeamiento Didactico Y Evaluacion De Los Aprendisajes en Educacion Inicial
942 _cBK
999 _c15570
_d15570